000 00337nam a2200157Ia 4500
100 _aFesto
650 _afesto
942 _cRB
654 _amodular pick
245 _aModular pick and place devices 053753
260 _bFesto
_aBangalore
_c2000
082 _a629.8045/FES
_bFES
300 _a105
546 _aENGLISH
999 _c33002
_d33002